<?xml version="1.0" encoding="UTF-8"?>
<record
    xmlns:xsi="http://www.w3.org/2001/XMLSchema-instance"
    xsi:schemaLocation="http://www.loc.gov/MARC21/slim http://www.loc.gov/standards/marcxml/schema/MARC21slim.xsd"
    xmlns="http://www.loc.gov/MARC21/slim">

  <leader>00233nam a22001097a 4500</leader>
  <datafield tag="040" ind1=" " ind2=" ">
    <subfield code="c">SK</subfield>
  </datafield>
  <datafield tag="082" ind1=" " ind2=" ">
    <subfield code="a">634</subfield>
  </datafield>
  <datafield tag="100" ind1=" " ind2=" ">
    <subfield code="a">DANCED</subfield>
  </datafield>
  <datafield tag="245" ind1=" " ind2=" ">
    <subfield code="a">The art of building facilitation capacities</subfield>
  </datafield>
  <datafield tag="260" ind1=" " ind2=" ">
    <subfield code="a">Phnom Penh</subfield>
    <subfield code="b">DAN </subfield>
    <subfield code="c">2002</subfield>
  </datafield>
  <datafield tag="942" ind1=" " ind2=" ">
    <subfield code="c">KB</subfield>
  </datafield>
  <datafield tag="999" ind1=" " ind2=" ">
    <subfield code="c">8529</subfield>
    <subfield code="d">8529</subfield>
  </datafield>
  <datafield tag="952" ind1=" " ind2=" ">
    <subfield code="0">0</subfield>
    <subfield code="1">0</subfield>
    <subfield code="4">0</subfield>
    <subfield code="6">634_000000000000000_DAN_2002_C243</subfield>
    <subfield code="7">0</subfield>
    <subfield code="9">48704</subfield>
    <subfield code="a">LBC</subfield>
    <subfield code="b">LBC</subfield>
    <subfield code="c">C243</subfield>
    <subfield code="d">2016-08-03</subfield>
    <subfield code="o">634 DAN 2002 C243</subfield>
    <subfield code="p">RUA056286</subfield>
    <subfield code="r">2016-08-03</subfield>
    <subfield code="y">KB</subfield>
  </datafield>
  <datafield tag="952" ind1=" " ind2=" ">
    <subfield code="0">0</subfield>
    <subfield code="1">0</subfield>
    <subfield code="4">0</subfield>
    <subfield code="6">634_000000000000000_DAN_2002_C243</subfield>
    <subfield code="7">0</subfield>
    <subfield code="9">48705</subfield>
    <subfield code="a">LBC</subfield>
    <subfield code="b">LBC</subfield>
    <subfield code="c">C243</subfield>
    <subfield code="d">2016-08-03</subfield>
    <subfield code="o">634 DAN 2002 C243</subfield>
    <subfield code="p">RUA045908</subfield>
    <subfield code="r">2016-08-03</subfield>
    <subfield code="y">KB</subfield>
  </datafield>
  <datafield tag="952" ind1=" " ind2=" ">
    <subfield code="0">0</subfield>
    <subfield code="1">0</subfield>
    <subfield code="4">0</subfield>
    <subfield code="6">634_000000000000000_DAN_2002_C243</subfield>
    <subfield code="7">0</subfield>
    <subfield code="9">48708</subfield>
    <subfield code="a">LBC</subfield>
    <subfield code="b">LBC</subfield>
    <subfield code="c">C243</subfield>
    <subfield code="d">2016-08-03</subfield>
    <subfield code="o">634 DAN 2002 C243</subfield>
    <subfield code="p">RUA062424</subfield>
    <subfield code="r">2016-08-03</subfield>
    <subfield code="y">KB</subfield>
  </datafield>
</record>
